Differenciaľnyje rostki i katastrofy = Differentiable germs and catastro phes

Enregistré dans:
Détails bibliographiques
Auteurs principaux: Bröcker, Th (Auteur), Lander, L. (Auteur)
Format: Livre
Publié: Moskva : Mir, 1977
Tags: Ajouter un tag
Pas de tags, Soyez le premier à ajouter un tag!

MARC

LEADER 00000nam a22000003a 4500
001 stu189539
005 20150617230051.1
008 090908s1977----xxr---------------------d
040 |a STU  |b slo 
041 0
044 |a xxr 
080 |a 517.9  |7 A000003291 
100 1 |a Bröcker, Th.  |4 aut 
245 1 |a Differenciaľnyje rostki i katastrofy = Differentiable germs and catastro phes 
260 |a Moskva :  |b Mir,  |c 1977 
300 |a 207 s 
700 1 |a Lander, L.  |4 aut 
996 |b E42054  |c E*42054  |l EE03  |s P  |a 0  |w stu189539_0001